| 000 | 00631nam a2200217 a 4500 | ||
|---|---|---|---|
| 999 |
_c3520 _d3520 |
||
| 001 | 3520 | ||
| 003 | BD-JhCC | ||
| 005 | 20211111134021.0 | ||
| 008 | 171002s19972005bg |||| ||a| 000 0 ben d | ||
| 035 | _a(BD-JhCC) | ||
| 040 |
_aBD-JhCC _dBD-JhCC |
||
| 041 | _aben | ||
| 082 |
_a891.4415 _bMAH 1997 |
||
| 100 | _aমাহমুদ, আল | ||
| 245 |
_aপ্রেমের কবিতাসমগ্র / _cআল মাহমুদ |
||
| 260 |
_aঢাকা: _bমাওলা ব্রাদার্স, _c১৯৯৭ |
||
| 300 |
_a৭৯ p.; _c22 cm |
||
| 650 | _aBengali poetry | ||
| 942 |
_2ddc _cBK _02 |
||